Cargando…

Onigamiising : Seasons of an Ojibwe Year /

Long before it came to be known as Duluth, the land at the western tip of Lake Superior was known to the Ojibwe as Onigamiising, "the place of the small portage." There the Ojibwe lived in keeping with the seasons, moving among different camps for hunting and fishing, for cultivating and g...

Descripción completa

Detalles Bibliográficos
Autor principal: Grover, Linda LeGarde (Autor)
Formato: Electrónico eBook
Idioma:Inglés
Publicado: Minneapolis : University of Minnesota Press, [2017]
Colección:Book collections on Project MUSE.
Temas:
Acceso en línea:Texto completo

MARC

LEADER 00000cam a22000004a 4500
001 musev2_55306
003 MdBmJHUP
005 20230905045711.0
006 m o d
007 cr||||||||nn|n
008 170314s2017 mnu o 00 0 eng d
010 |z  2017012220 
020 |a 9781452955704 
020 |z 1452955700 
020 |z 9781517903442 
035 |a (OCoLC)976036393 
040 |a MdBmJHUP  |c MdBmJHUP 
100 1 |a Grover, Linda LeGarde,  |e author. 
245 1 0 |a Onigamiising :   |b Seasons of an Ojibwe Year /   |c Linda LeGarde Grover. 
264 1 |a Minneapolis :  |b University of Minnesota Press,  |c [2017] 
264 3 |a Baltimore, Md. :  |b Project MUSE,   |c 2017 
264 4 |c ©[2017] 
300 |a 1 online resource (200 pages). 
336 |a text  |b txt  |2 rdacontent 
337 |a computer  |b c  |2 rdamedia 
338 |a online resource  |b cr  |2 rdacarrier 
505 0 |a When the sky sings -- Minikwe niibish, the leaf we drink -- Onishishin: it's all pretty, it's all good -- Curtains, calico, and creative living -- A wedding shower and a four-year-old girl -- Sewing Ojibwe ribbon skirts in onigamiising -- The Ojibwe word for moccasin is -- Reservations, homelands, and extended family ties -- To catch a baby's dream -- "What's a hanky for?" -- Our heart and future -- Summer is coming to onigamiising -- Niibin ; summer -- Chickens, eggs, and stories -- The summer of our favorite toy -- Weeds and wildflowers -- Terry and rachel enter the landscape of nanaboozhoo -- The stone tomahawk -- An impromptu reunion -- Shii-waaboo -- Life lessons from my Dad and Jim Thorpe -- Buckskin ladies, ribbon dress girls -- Aniin miinik ish tiktik? Berry time! -- The girl cousins throw a party -- Tea with scones and stories -- The gift that grows out of the water -- When we cook manoomin -- Ready for dinner -- Dagwaagin ; fall -- Old traditions for a new school year -- The mystery of Indian corn -- To speak Ojibwemowin -- Going out to eat -- How much of an Indian are you? -- We honor Native veterans -- When grandmother went to school -- Falling to thanksgiving -- Cradleboards and portable babies -- Memory, creative living, and fun crocheting from rags -- Migwechiwendam: to think thankfully -- Biboon ; winter -- Nanaboozhoo and Nokomis -- Coal, clinkers, and staying warm -- Trying to make lugalette like my grandmother -- Snow shoveling, chocolate, and a pretty kitchen -- Storytelling seasons -- A soldier on leave -- Cold feet and new beginnings -- A rabbit skin baby blanket -- The gift and privilege of parenting -- A cousin gets in touch with a cousin -- Henry meets Santa Claus -- Toot-cair -- Memories rose like fabric-scented steam -- Cheeseburgers for breakfast -- The exiles -- The elders of winter and the youth of spring. 
520 |a Long before it came to be known as Duluth, the land at the western tip of Lake Superior was known to the Ojibwe as Onigamiising, "the place of the small portage." There the Ojibwe lived in keeping with the seasons, moving among different camps for hunting and fishing, for cultivating and gathering, for harvesting wild rice and maple sugar. In Onigamiising Linda LeGarde Grover accompanies us through this cycle of the seasons, one year in a lifelong journey on the path to Mino Bimaadiziwin, the living of a good life. In fifty short essays, Grover reflects on the spiritual beliefs and everyday practices that carry the Ojibwe through the year and connect them to this northern land of rugged splendor. As the four seasons unfold--from Ziigwan (Spring) through Niibin and Dagwaagin to the silent, snowy promise of Biboon--the award-winning author writes eloquently of the landscape and the weather, work and play, ceremony and tradition and family ways, from the homey moments shared over meals to the celebrations that mark life's great events. Now a grandmother, a Nokomis, beginning the fourth season of her life, Grover draws on a wealth of stories and knowledge accumulated over the years to evoke the Ojibwe experience of Onigamiising, past and present, for all time. 
588 |a Description based on print version record. 
600 1 7 |a Grover, Linda LeGarde.  |2 fast  |0 (OCoLC)fst01991651 
600 1 0 |a Grover, Linda LeGarde. 
650 7 |a Ojibwa women.  |2 fast  |0 (OCoLC)fst01045129 
650 7 |a Ojibwa philosophy.  |2 fast  |0 (OCoLC)fst01045126 
650 7 |a Ojibwa Indians  |x Social life and customs.  |2 fast  |0 (OCoLC)fst01045104 
650 7 |a Ojibwa Indians  |x Cultural assimilation.  |2 fast  |0 (OCoLC)fst01045072 
650 7 |a Manners and customs.  |2 fast  |0 (OCoLC)fst01007815 
650 7 |a SOCIAL SCIENCE  |x Ethnic Studies  |x Native American Studies.  |2 bisacsh 
650 7 |a HISTORY  |z United States  |x State & Local  |x Midwest (IA, IL, IN, KS, MI, MN, MO, ND, NE, OH, SD, WI)  |2 bisacsh 
650 7 |a HISTORY  |z United States  |x State & Local  |x General.  |2 bisacsh 
650 6 |a Ojibwa (Indiens)  |x Acculturation  |z Minnesota. 
650 6 |a Femmes ojibwa  |z Minnesota  |z Duluth  |v Biographies. 
650 6 |a Philosophie ojibwa. 
650 6 |a Ojibwa (Indiens)  |z Minnesota  |x Moeurs et coutumes. 
650 0 |a Ojibwa Indians  |x Cultural assimilation  |z Minnesota. 
650 0 |a Ojibwa women  |z Minnesota  |z Duluth  |v Biography. 
650 0 |a Ojibwa philosophy. 
650 0 |a Ojibwa Indians  |z Minnesota  |x Social life and customs. 
651 7 |a Minnesota  |z Duluth.  |2 fast  |0 (OCoLC)fst01205305 
651 7 |a Minnesota.  |2 fast  |0 (OCoLC)fst01204560 
651 6 |a Minnesota  |x Moeurs et coutumes. 
651 0 |a Duluth (Minn.)  |v Biography. 
651 0 |a Minnesota  |x Social life and customs. 
655 7 |a Biographies.  |2 fast  |0 (OCoLC)fst01919896 
655 7 |a Electronic books.   |2 local 
710 2 |a Project Muse.  |e distributor 
830 0 |a Book collections on Project MUSE. 
856 4 0 |z Texto completo  |u https://projectmuse.uam.elogim.com/book/55306/ 
945 |a Project MUSE - Custom Collection 
945 |a Project MUSE - 2017 Complete 
945 |a Project MUSE - 2017 US Regional Studies, Midwest 
945 |a Project MUSE - 2017 Native American and Indigenous Studies